| 000 | 01549pam a2200373 a 4500 | ||
|---|---|---|---|
| 001 | 4018415 | ||
| 003 | OSt | ||
| 005 | 20140310182115.0 | ||
| 008 | 971003r19981997nyuab b 000 0 eng | ||
| 010 | _a 97042880 | ||
| 020 | _a0385492081 (pb) | ||
| 040 |
_aDLC _cDLC _dDLC |
||
| 043 |
_aa-cc--- _aa-np--- |
||
| 050 | 0 | 0 |
_aGV 199.44.E85 _b.K725 1998 |
| 082 | 0 | 0 |
_aHS 796.522 _bK85 1997 |
| 100 | 1 |
_aKrakauer, Jon. _913640 |
|
| 245 | 1 | 0 |
_aInto thin air : _ba personal account of the Mount Everest disaster / _cJon Krakauer. |
| 250 | _a1st Anchor Books ed. | ||
| 260 |
_aNew York : _bAnchor Books/Doubleday, _cc1998. |
||
| 300 |
_a378 p. : _c18 cm. |
||
| 600 | 1 | 0 |
_aKrakauer, Jon. _913641 |
| 610 | 2 | 0 |
_aAdventure Consultants _bGuided Expedition _d(1996 : _cMount Everest) _913642 |
| 610 | 2 | 0 |
_aMountain Madness (Firm) _bEverest Expedition _d(1996) _913643 |
| 650 | 0 |
_aMountaineering accidents _zEverest, Mount (China and Nepal) _913644 |
|
| 650 | 0 |
_aMountaineering expeditions _zEverest, Mount (China and Nepal) _913645 |
|
| 856 | 4 | 2 |
_3Contributor biographical information _uhttp://www.loc.gov/catdir/bios/random058/97042880.html |
| 856 | 4 | 1 |
_3Sample text _uhttp://www.loc.gov/catdir/samples/random041/97042880.html |
| 856 | 4 | 2 |
_3Publisher description _uhttp://www.loc.gov/catdir/description/random042/97042880.html |
| 906 |
_a7 _bcbc _corignew _d1 _eocip _f19 _gy-gencatlg |
||
| 942 |
_2lcc _cHS |
||
| 999 |
_c9445 _d9445 |
||